<?xml version="1.0" encoding="UTF-8" ?>
<collection xmlns="http://www.loc.gov/MARC21/slim"><record><leader>00965nam a2200253   4500</leader><controlfield tag="001">230753</controlfield><controlfield tag="003">CH-000273-5</controlfield><controlfield tag="005">20250919144639.0</controlfield><datafield tag="020" ind1=" " ind2=" "><subfield code="a">978-1-84822-703-3</subfield></datafield><datafield tag="040" ind1=" " ind2=" "><subfield code="a">CH-000273-5</subfield><subfield code="b">ger</subfield><subfield code="e">rda</subfield></datafield><datafield tag="041" ind1="0" ind2=" "><subfield code="a">eng</subfield></datafield><datafield tag="100" ind1="1" ind2=" "><subfield code="a">Keenan, Annabel</subfield><subfield code="e">Verfasser</subfield><subfield code="4">aut</subfield></datafield><datafield tag="245" ind1="1" ind2="0"><subfield code="a">Climate action in the art world</subfield><subfield code="b">towards a greener future</subfield><subfield code="c">Annabel Keenan</subfield></datafield><datafield tag="264" ind1=" " ind2="1"><subfield code="a">London</subfield><subfield code="b">Lund Humphries</subfield><subfield code="c">2025</subfield></datafield><datafield tag="300" ind1=" " ind2=" "><subfield code="a">104 Seiten</subfield><subfield code="c">21 cm</subfield></datafield><datafield tag="336" ind1=" " ind2=" "><subfield code="a">Text</subfield><subfield code="b">txt</subfield><subfield code="2">rdacontent</subfield></datafield><datafield tag="337" ind1=" " ind2=" "><subfield code="a">ohne Hilfsmittel zu benutzen</subfield><subfield code="b">n</subfield><subfield code="2">rdamedia</subfield></datafield><datafield tag="338" ind1=" " ind2=" "><subfield code="a">Band</subfield><subfield code="b">nc</subfield><subfield code="2">rdacarrier</subfield></datafield><datafield tag="490" ind1="0" ind2=" "><subfield code="a">Hot topics in the art world</subfield></datafield><datafield tag="650" ind1=" " ind2="7"><subfield code="a">Klimaschutz</subfield><subfield code="x">Kunstbetrieb</subfield><subfield code="2">gnd</subfield></datafield><datafield tag="710" ind1="2" ind2=" "><subfield code="a">Sotheby&apos;s Institute of Art</subfield><subfield code="e">Mitwirkender</subfield><subfield code="4">ctb</subfield></datafield><datafield tag="776" ind1="0" ind2="8"><subfield code="i">Erscheint auch als</subfield><subfield code="n">Online-Ausgabe (eBook PDF)</subfield><subfield code="t">Climate action in the art world</subfield><subfield code="z">978-1-84822-709-5</subfield></datafield><datafield tag="776" ind1="0" ind2="8"><subfield code="i">Erscheint auch als</subfield><subfield code="n">Online-Ausgabe (eBook ePub)</subfield><subfield code="t">Climate action in the art world</subfield><subfield code="z">978-1-84822-707-1</subfield></datafield><datafield tag="852" ind1="4" ind2=" "><subfield code="a">CH-000273-5</subfield><subfield code="c">A 2025/0108</subfield></datafield></record></collection>